000 00642nam a2200217Ia 4500
005 20240209111704.0
008 131103s9999 xx 000 0 und d
040 _aLoreto College
041 _aEnglish
082 _a342.994
_bDAV
100 _aDavies,A.F.
245 _aAustralian democracy
_b an introduction to the political system
_cA.F.Davies
260 _aLondon
_bLongmans,Green and Co.
_c1958
300 _a161 p.
504 _aIncludes bibliographical references
630 _aAustralia - Constitutional Law
650 _aConstitution
651 _aConstitutional and Administrative Law
850 _aLCLIB
942 _cBK
999 _c12405
_d62884